000 00670nam a2200277Ia 4500
005 20260324141538.0
008 008 260324s9999 xx 000 0 eng d
020 _a9780429448522
037 _aEBOOK
040 _aCRL
040 _beng
040 _cCRL
041 _2eng
041 _aeng
084 _qCRL
100 _aJohn Goering; Ron Wienk
_91208593
245 0 _aMortgage Lending, Racial Discrimination and Federal Policy
260 _bTaylor and Francis
260 _c1997
365 _a
365 _b350
856 _uhttp://www.taylorfrancis.com/books/9780429448522
942 _cEBOOK
999 _c1811810
_d1811810